000 00676nam a2200217 i 4500
001 185455
003 SpMaBN
005 20251003063159.0
008 160606s2003 sp |||| | spa d
020 _a84-7522-523-3
080 _a821.134.2-14"19"
100 0 _aGallego, Vicente,
_d1963-
_953546
245 1 3 _aEl sueño verdadero
_b: (poesía 1988-2002) /
_cVicente Gallego.
260 _aMadrid :
_bVisor Libros,
_c[2003]
300 _a222 p. ;
_c20 cm.
490 1 _aVisor de poesía ;
_v523
830 0 _aColección Visor de poesía
_v523
_9177331
852 _aES-MaACL
_jL-30339
_z. - Donat. Miguel A. Velasco
942 _2udc
999 _c185455
_d185455